Responses for Show #4443 - Wednesday, December 24, 2003

Game data retrieved from an alternate archive.

Contestants

[<< previous game]

Brad Ritter, an actor and writer originally from Pueblo, Colorado

Patricia Baillif, a certified public attorney from Dallas, Texas

Andy Thomas, a U.S. Air Force nurse originally from Huntsville, Alabama (whose 1-day cash winnings total $27,100)

[next game >>]

Jeopardy! Round responses

THE 1840s
BASKETBALL
GET A ROOM!
BIO HAZARD
STRAW
___ OF ___
    $200 7
gold

Andy
    $200 9
Air Jordan

Andy
    $200 16
Las Vegas

Brad
    $200 6
the Wright Brothers

Brad
    $200 22
the camel

Brad
    $200 1
maid of honor

Andy
    $400 11
(Andy: What is Lloyd's of London?)

the YMCA

Andy
Triple Stumper
    $400 10
[Larry Bird]

Indiana

Brad
    $400 17
a heart

Patricia
    $400 8
(Andy: What is Islam, or Muhammad?)

T.E. Lawrence (of Arabia)

Andy
Triple Stumper
    $400 25
adobe

Andy
    $400 2
can of worms

Patricia
    $600 12
Atlanta

Andy
    $600 13
the Golden State Warriors

Andy
    $600 24
Lizzie Borden

Andy
    $600 18
Billie Holiday

Patricia
    $600 26
hats

Brad
    $1,000 3
beast of burden

Patricia
    $800 21
Karl Marx and Friedrich Engels

Andy
    $800 14
John Stockton

Andy
    $800 27
(Andy: Who is Edward VIII?)

Prince Philip

Andy
Triple Stumper
    $800 19
(Andy: Who is Lee Iacocca?)

Jimmy Carter

Andy
Triple Stumper
    $800 29
a poll

Andy
    $800 4
(Brad: What is the dome of silence?)

the cone of silence

Brad
Triple Stumper
    $1000 23
the Danube

Brad
    $1000 15
"Throw it down, big man!"

Triple Stumper
    $1000 28
Fess Parker

Andy
    $1000 20
(Brad: Who is George Zimmerman?)

Don Zimmer

AndyBrad
    $1000 30
straw dogs

Patricia
    $1000 5
change of venue

Patricia

Scores at the first commercial break (after clue 15):

Andy Patricia Brad
$1,800 $2,400 -$200

Scores at the end of the Jeopardy! Round:

Andy Patricia Brad
$4,800 $4,400 $800

Double Jeopardy! Round responses

TRAVEL SPAIN
FURNITURE
OH BROTHER
PRESS YOUR LUKE
WHAM!
"E"
    $400 11
Cervantes

Andy
    $400 15
a changing table

Andy
    $400 19
Napoleon

Patricia
    $400 4
Paul

Brad
    $400 28
(Andy: What is "Wake Me Up Before I Go-Go"?)

"Wake Me Up Before You Go-Go"

AndyBrad
    $400 1
an Emmy

Brad
    $800 12
(Andy: What are olives?)

grapes

AndyPatricia
    $800 16
the handlebars

Brad
    $800 20
Poland

Andy
    $800 5
(Brad: What is a bull?)

an ox

AndyBrad
    $800 30
Elton John

Patricia
    $800 2
eyedropper

Andy
    $1200 13
tapas

Patricia
    $1200 18
the throne room

Patricia
    $1200 21
Richelieu

Brad
    $1200 6
shepherds

Brad
    $1200 29
China

Brad
    $1200 3
Eleanor

Andy
    $1600 14
leather

Andy
    $1600 22
(Brad: What is a chaise?)
(Patricia: What is a lounge?)

a daybed

PatriciaBrad
Triple Stumper
    $2,000 25
(Brad: Who was Edward?)

Czar Nicholas II

Brad
    $1600 7
Rhoda

Patricia
    $1600 27
Andrew Ridgeley

Andy
    $1600 8
Edinburgh

Brad
    $2000 17
Gaudi

Brad
    $6,000 23
(Brad: What is settee?)

divan

Brad
    $2000 24
(Brad: Who is Pompey?)

Mark Anthony

Brad
Triple Stumper
    $2000 10
(Brad: What is Lebanon?)

Turkey

AndyBrad
    $2000 26
"Everything She Wants"

Triple Stumper
    $2000 9
Emmentaler

Brad

Scores at the end of the Double Jeopardy! Round:

Andy Patricia Brad
$13,200 $8,800 -$2,400

[wagering suggestions for these scores]

Final Jeopardy! Round responses

THE WORLD OF DISNEY
PatriciaWhat is
$4,401
AndyWhat is "Finding Nemo"?
$10,000
Pirates of the Caribbean: The Curse of the Black Pearl

Final scores:

Andy Patricia Brad
$3,200 $4,399 -$2,400
2nd place: $2,000 New champion: $4,399 3rd place: $1,000

Game dynamics:

Coryat scores:

Andy Patricia Brad
$13,200 $8,400 $5,600
21 R,
6 W
12 R
(including 1 DD),
1 W
16 R,
8 W
(including 2 DDs)

Combined Coryat: $27,200

[game clues] [game scores] [suggest correction]

Game tape date: 2003-10-22
The J! Archive is created by fans, for fans. Scraping, republication, monetization, and malicious use prohibited; this site may use cookies and collect identifying information. See terms. The Jeopardy! game show and all elements thereof, including but not limited to copyright and trademark thereto, are the property of Jeopardy Productions, Inc. and are protected under law. This website is not affiliated with, sponsored by, or operated by Jeopardy Productions, Inc. Join the discussion at JBoard.tv.